000 00691nam a2200241Ia 4500
005 20260430150708.0
008 008 250103s9999 xx 000 0 eng d
037 _aTheses
040 _aCRL
040 _beng
040 _ceng
041 _2eng
041 _aeng
084 _qCRL
100 _aSingh Jay Au.; Rai Alok Kumar Gu.
_91238241
245 0 _aMorphological Effect on the Electrochemical Performances of Transition Metal Oxide Anodes for Lithium Ion Battery Application
260 _c2024
300 _a140p.
650 _aChemistry
700 _aUniversity of Delhi. Faculty of Science. Deptt. of Chemistry
_91236464
942 _cTH
999 _c1850412
_d1850412